| 000 | 00419nam a2200181Ia 4500 | ||
|---|---|---|---|
| 008 | 170705s9999 xx 000 0 und d | ||
| 020 | _a590929534 | ||
| 245 | _aWe love the dirt / | ||
| 245 | _cTony Johnson. | ||
| 260 | _aNew York : | ||
| 260 | _bScholastic, | ||
| 260 | _c1997 | ||
| 300 | _aunpaged : | ||
| 300 | _bcolor illustration ; | ||
| 300 | _c23cm. | ||
| 440 | _aHello reader level 1. | ||
| 500 | _aBR | ||
| 999 |
_c335297 _d335297 |
||